| 000 | 01075nam a2200349 i 4500 | ||
|---|---|---|---|
| 003 | EG-GICUC | ||
| 005 | 20260512112136.0 | ||
| 008 | 950315s1995 txua frb 001 0 eng d | ||
| 020 | _a0030075548 | ||
| 020 | _a9780030075544 | ||
| 020 | _a9780030152337 | ||
| 020 | _a003015233X | ||
| 040 |
_aDLC _cDLC _beng _dEG-GiCUC _erda |
||
| 050 | 0 | 0 |
_aHB172 _b.N49 1995 |
| 082 | 0 | 0 |
_a338.5 _221 |
| 092 | 0 | 4 | _221 |
| 099 | _aLaw 13 1995 | ||
| 100 | 1 | _aNicholson, Walter. | |
| 245 | 1 | 0 |
_aMicroeconomic theory : _bbasic principles and extensions / _cWalter Nicholson. |
| 250 | _a6th edition. | ||
| 264 |
_aFort Worth : _bDryden Press, _c1995. |
||
| 300 |
_axxiii, 901 pages : _bill.ustrations; _c25 cm. |
||
| 336 |
_atext _2rdacontent |
||
| 337 |
_aComputer _2rdamedia |
||
| 338 |
_aOnline Resource _2rdacarrier |
||
| 440 | 4 | _aThe Dryden Press series in economics | |
| 504 | _aIncludes bibliographical references and indexes. | ||
| 650 | 0 | _aMicroeconomics. | |
| 856 | 4 | 0 | _uhttps://fll.law.cu.edu.eg/fulltext/bks/ENGB13-00131.pdf |
| 905 | _a10 | ||
| 942 |
_2ddc _cBK _e21 _n0 |
||
| 999 |
_c76651 _d76651 |
||